000 00881nam a2200253 i 4500
001 29380
003 ES-MaACL
005 20230906154026.0
007 t|
008 030121s1977 sp ||||1| spa d
020 _a84-297-1315-8
080 _a860 Juan de la Cruz. San 7. Subida del Monte Carmelo.06
100 1 _aBallestero, Manuel.
_925031
245 1 0 _aJuan de la Cruz
_b: de la angustia al olvido : análisis del fondo intuido en la "Subida del Monte Carmelo" /
_cManuel Ballestero.
250 _a1ª ed.
260 _aBarcelona :
_bEdiciones 62,
_c1977.
300 _a265 p. ;
_c20 cm.
490 1 _aHistoria, ciencia y soledad ;
_v138
600 0 4 _aJuan de la Cruz
_c, Santo-
_xCrítica e interpretación.
_967112
830 1 _aHistoria, ciencia y soledad ;
_v138
_9229298
852 _aES-MaACL
_jA-7371
852 _aES-MaACL
_jL-2677
999 _c29380
_d29380